000 01167cam a2200337Ma 4500
001 10280361
003 ARRUPE
005 20160302124733.0
008 120619s2013 enka 000 0 eng d
020 _a9781847010513 (hardback)
020 _a1847010512 (hardback)
024 _a99953804487
035 _a(OCoLC)ocn840936948
035 _a(OCoLC)840936948
035 _a(NNC)10280361
040 _aNLE
_beng
_cNLE
_dOCLCO
_dNhCcYBP
050 4 _aHN802.Z9
_bV5774 2013
082 0 4 _a363.32096891
_223
100 1 _aSchmidt, Heike Ingeborg.
_94741
245 1 0 _aColonialism & violence in Zimbabwe :
_ba history of suffering /
_cHeike I. Schmidt.
246 3 _aColonialism and violence in Zimbabwe
260 _aWoodbridge, Suffolk, GB ;
_aRochester, NY :
_bJames Currey ;
_aHarare, Zimbabwe :
_bDistributed in Zimbabwe by Weaver Press,
_cc2013.
300 _axvi, 287 p.:
_bill. ;
_c25 cm.
650 0 _aViolence
_zZimbabwe.
_922681
651 0 _aZimbabwe
_xHistory.
_99704
651 0 _aZimbabwe
_xColonial influence.
_9371
651 0 _aZimbabwe
_xSocial conditions.
_911114
942 _2lcc
_cMONOGRAPH
948 1 _a20130531
_bc
_chew2
_dMPS
999 _c124284
_d124284